Эхо афганских гор: повести и рассказы; Перевал; Эхо афганских гор; Время "Ч"; Кабульские рассветы; Седой солдат; Крез и Клеопатра
| Other Authors: | |
|---|---|
| Language: | Russian |
| Published: |
Москва, Воениздат, 1987
|
| TOC: | Н. Иванов, Перевал; К. Селихов, Эхо афганских гор; В. Поволяев, Время "Ч"; Л. Николаев, Кабульские рассветы; А. Проханов, Седой солдат; Л. Богачук, Крез и Клеопатра; |
| Subjects: | |
| Format: | MixedMaterials Book |
| KOHA link: | https://koha.lib.tpu.ru/cgi-bin/koha/opac-detail.pl?biblionumber=255515 |
MARC
| LEADER | 00000nam0a2200000 4500 | ||
|---|---|---|---|
| 001 | 255515 | ||
| 005 | 20231101233031.0 | ||
| 035 | |a (RuTPU)RU\TPU\book\278031 | ||
| 090 | |a 255515 | ||
| 100 | |a 20140329d1987 m y0rusy50 ca | ||
| 101 | 0 | |a rus | |
| 102 | |a RU | ||
| 105 | |a a z 000ay | ||
| 200 | 1 | |a Эхо афганских гор |e повести и рассказы |f сост. Н. П. Кузьмин | |
| 210 | |a Москва |c Воениздат |d 1987 | ||
| 215 | |a 401 с. |c ил. | ||
| 464 | |t Перевал |o повесть |f Н. Иванов | ||
| 464 | |t Эхо афганских гор |o повесть |f К. Селихов | ||
| 464 | |t Время "Ч" |o повесть |f В. Поволяев | ||
| 464 | |t Кабульские рассветы |o повесть |f Л. Николаев | ||
| 464 | |t Седой солдат |o рассказ |f А. Проханов | ||
| 464 | |t Крез и Клеопатра |o рассказ |f Л. Богачук | ||
| 606 | 1 | |a Русская литература современная |2 stltpush |3 (RuTPU)RU\TPU\subj\26373 |9 50316 | |
| 610 | 1 | |a художественная литература | |
| 610 | 1 | |a повести | |
| 610 | 1 | |a рассказы | |
| 610 | 1 | |a Афганистан | |
| 610 | 1 | |a афганская война | |
| 610 | 1 | |a 20 век | |
| 610 | 1 | |a советская литература | |
| 675 | |a Р2 |v 3 | ||
| 702 | 1 | |a Кузьмин |b Н. П. |4 220 | |
| 801 | 1 | |a RU |b 63413507 |c 20140329 | |
| 801 | 2 | |a RU |b 63413507 |c 20210930 |g RCR | |
| 942 | |c BK | ||